000
00307nam a22001337a 4500
008
170526b xxu||||| |||| 00| 0 eng d
020
_a
3802512391
041
_a
ger
080
_a
621.38
100
_a
27
101
_a
IM
245
_a
EINFUHRUNG IN DIE MIKROPORZESSOR-ANWENDUNG
_c
PUTZ,J
942
_2
udc
_c
BK
999
_c
14532
_d
14532